LIBRARY & INFORMATION CENTRE, KCAET, TAVANUR

ONLINE PUBLIC ACCESS CATALOGUE (OPAC)

Principles of agricultural engineering, Vol 2 / (Record no. 1649)

MARC details
000 -LEADER
fixed length control field 00479cam a2200193ua 4500
041 ## - LANGUAGE CODE
Language code of text/sound track or separate title eng
082 ## - DEWEY DECIMAL CLASSIFICATION NUMBER
Classification number 631.1
Item number MIC/PR
100 ## - MAIN ENTRY--AUTHOR NAME
Personal name Michael, A.M .
245 ## - TITLE STATEMENT
Title Principles of agricultural engineering, Vol 2 /
250 ## - EDITION STATEMENT
Edition statement 1 /
260 ## - PUBLICATION, DISTRIBUTION, ETC. (IMPRINT)
Place of publication New Delhi :
Name of publisher Jain Brothers ,
Year of publication 1981.
300 ## - PHYSICAL DESCRIPTION
Number of Pages 655 ; .
700 1# - ADDED ENTRY--PERSONAL NAME
Personal name Ojha, T.P .
942 ## - ADDED ENTRY ELEMENTS (KOHA)
Koha item type Books
Holdings
Withdrawn status Lost status Damaged status Home library Current library Date acquired Full call number Accession Number Koha item type Shelving location Source of acquisition Cost, normal purchase price
    Damaged KAUAET KAUAET 11/03/1986 631.1 15007 Books      
      KAUAET KAUAET 14/09/2018 631.1 MIC/PR 17880 Book Bank scheme for SC students Scheme    
      KAUAET KAUAET 11/07/2022 631.1 MIC/PR BB 643 Book Bank scheme for SC students Scheme TBS PUBLISHERS AND DISTRIBUTERS 895.00
free website counter